000 00339nam a2200133Ia 4500
100 _aRoy chowdhury/ Bhattacharya
942 _cBK
654 _acost
245 _aCost and Management accountancy:Methods and techniques
260 _bNew central book agency
_aCalcutta
_c1986
082 _a657.42
_bROY
300 _a932
546 _aENGLISH
999 _c28837
_d28837